Sociálne poradenstvo na Slovensku, súčasný stav a možnosti jeho rozvoja

Aplikáciu sociálneho poradenstva v sociálnej praxi definuje zákon NR SR č. 195/98 Z.z. o sociálnej pomoci. Uplatnenie sociálneho poradenstva na Slovensku v praxi a v štátnej sfére. Úrovne sociálneho poradenstva. Podnety na aplikáciu v predmete sociálne poradenstvo.

Na minha lista:
Detalhes bibliográficos
Autor principal: Schavel, Milan
Formato: Capítulo de Livro
Idioma:eslovaco
Assuntos:
Tags: Adicionar Tag
Sem tags, seja o primeiro a adicionar uma tag!

MARC

LEADER 00000naa a2200000 4500
001 r042534
005 20230807085111.4
041 0 |a slo 
044 |a SK 
245 1 0 |a Sociálne poradenstvo na Slovensku, súčasný stav a možnosti jeho rozvoja  |c Milan Schavel 
520 |a Aplikáciu sociálneho poradenstva v sociálnej praxi definuje zákon NR SR č. 195/98 Z.z. o sociálnej pomoci. Uplatnenie sociálneho poradenstva na Slovensku v praxi a v štátnej sfére. Úrovne sociálneho poradenstva. Podnety na aplikáciu v predmete sociálne poradenstvo. 
610 2 0 |a poradenstvo 
610 2 0 |a politika sociálna 
610 2 0 |a práca sociálna 
610 2 0 |a správa štátna 
610 2 0 |a pomoc sociálna 
610 2 0 |a Slovensko 
610 2 0 |a úpravy právne 
100 1 |a Schavel, Milan